Geologic map of the Eminence quadrangle, Shannon County, Missouri ... 1999 /

Bibliographic Details
Corporate Author: Geological Survey (U.S.)
Other Authors: Orndorff, Randall C., Harrison, Richard W., Weary, David J.
Format: Government Document Map
Language:English
Published: Reston, VA : The Survey ; [1999, i.e. 2000]
Series:Geologic investigations (Geological Survey (U.S.)) ; map I-2653.
Subjects:
Online Access:PURL accesses site from where the map can be downloaded. Adobe Acrobat reader required

MARC

Tag First Indicator Second Indicator Subfields
LEADER 00000cem a2200000 a 4500
001 in00001581981
007 aj canzn
008 000630s2000 vauag a f 1 eng c
005 20230331145848.8
020 |a 0607942312 
034 1 |a a  |b 24000  |d W0912230  |e W0911500  |f N0371500  |g N0370730 
035 |a (OCoLC)ocm44509824 
035 |a in00001581981 
037 |a 9-780607-942316  |b USGS 
040 |a GIS  |c GIS  |d DNU  |d GPO  |d OCL  |d TXA  |d UtOrBLW 
042 |a pcc 
049 |a TXAM 
052 |a 4163  |b S7 
074 |a 0619-G-08 
086 0 |a I 19.91:I-2653 
090 |a G3701.C5 svar  |b .U52 I-2653 
110 2 |a Geological Survey (U.S.) 
245 1 0 |a Geologic map of the Eminence quadrangle, Shannon County, Missouri ... 1999 /  |c U.S. Department of the Interior, U.S. Geological Survey ; by Randall C. Orndorff, Richard W. Harrison, and David J. Weary. 
255 |a Scale 1:24,000  |c (W 91⁰22ʹ30ʺ--W 91⁰15ʹ00ʺ/N 37⁰15ʹ00ʺ--N 37⁰07ʹ30ʺ) 
264 1 |a Reston, VA :  |b The Survey ;  |c [1999, i.e. 2000] 
264 2 |a Denver, CO :  |b Information Services [distributor], 
300 |a 1 map :  |b color ;  |c 58 x 46 cm. on sheet 96 x 135 cm., folded in envelope 30 x 24 cm. 
336 |a cartographic image  |b cri  |2 rdacontent 
337 |a unmediated  |b n  |2 rdamedia 
338 |a sheet  |b nb  |2 rdacarrier 
490 1 |a Geologic investigations series ;  |v map I-2653 
500 |a Relief shown by contours and spot heights. 
500 |a Includes text, bibliographical references, 2 colored cross sections, 6 diagrams, 2 tables, 1 ancillary map, and 1 location map. 
530 |a Also available via Internet from the USGS web site (PDF file only). Address as of 9-28-00: http://pubs.usgs.gov/i-maps/i-2653/; current access is available via PURL. 
500 |a Cartographic material. 
650 0 |a Geology  |z Missouri  |z Shannon County  |v Maps. 
700 1 |a Orndorff, Randall C. 
700 1 |a Harrison, Richard W. 
700 1 |a Weary, David J. 
830 0 |a Geologic investigations (Geological Survey (U.S.)) ;  |v map I-2653. 
856 4 1 |u https://purl.fdlp.gov/GPO/LPS6142  |z PURL accesses site from where the map can be downloaded. Adobe Acrobat reader required  |t 0 
948 |a cataloged  |b h  |c 2000/12/18  |d c  |e jgreene  |f 12:42:26 pm 
994 |a E0  |b TXA 
999 |a MARS 
999 f f |i 6f5ecbf7-60b9-359f-916a-95da746e8998  |s d173d209-8ea3-356a-8432-04509f9e10d9  |t 0 
952 f f |p normal  |a Texas A&M University  |b College Station  |c Sterling C. Evans Library  |d Evans: Maps File (2nd floor)  |t 0  |e I 19.91:I-2653  |h Superintendent of Documents classification  |i unmediated -- sheet  |m A14827050667 
998 f f |a I 19.91:I-2653  |t 0  |l Evans: Maps File (2nd floor)